Los partidos políticos / (Record no. 58414)

MARC details
000 -LEADER
campo de control de longitud fija 00741nam a2200229 i 4500
001 - NÚMERO DE CONTROL
campo de control 58414
003 - IDENTIFICADOR DE NÚMERO DE CONTROL
campo de control ES-MaACL
005 - FECHA Y HORA DE LA ÚLTIMA TRANSACCIÓN
campo de control 20250920063042.0
007 - CAMPO FIJO DE DESCRIPCIÓN FÍSICA--INFORMACIÓN GENERAL
campo de control de longitud fija t|
008 - DATOS DE LONGITUD FIJA--INFORMACIÓN GENERAL
campo de control de longitud fija 031022s1979 mx ||||1| spa d
080 ## - NÚMERO DE LA CLASIFICACIÓN DECIMAL UNIVERSAL
Número de la Clasificación Decimal Universal 329
100 1# - ENTRADA PRINCIPAL--NOMBRE DE PERSONA
Nombre de persona Duverger, Maurice,
Fechas asociadas al nombre 1917-2014
9 (RLIN) 46383
245 14 - MENCIÓN DEL TÍTULO
Título Los partidos políticos /
Mención de responsabilidad, etc. Maurice Duverger ; traducción de Julieta Campos y Enrique González Pedrero.
250 ## - MENCION DE EDICION
Mención de edición 1ª ed., 6ª reimp.
260 ## - PUBLICACIÓN, DISTRIBUCIÓN, ETC.
Lugar de publicación, distribución, etc. México :
Nombre del editor, distribuidor, etc. Fondo de Cultura Económica,
Fecha de publicación, distribución, etc. 1979.
300 ## - DESCRIPCIÓN FÍSICA
Extensión 459 p. ;
Dimensiones 21 cm.
650 #4 - PUNTO DE ACCESO ADICIONAL DE MATERIA--TÉRMINO DE MATERIA
Término de materia o nombre geográfico como elemento de entrada Partidos políticos.
9 (RLIN) 15858
700 1# - ENTRADA AGREGADA--NOMBRE PERSONAL
Nombre de persona Campos, Julieta,
Fechas asociadas al nombre 1932-2007
9 (RLIN) 234944
700 1# - ENTRADA AGREGADA--NOMBRE PERSONAL
Nombre de persona González Pedrero, Enrique.
9 (RLIN) 58866
852 4# - LOCALIZACIÓN
Ubicación ES-MaACL
Número de control de estantería L-7807
Holdings
Estatus retirado Estado de pérdida Estado de daño No para préstamo Biblioteca de origen Biblioteca actual Ubicación en estantería Fecha de adquisición Fuente de adquisición Total de préstamos Signatura topográfica completa Código de barras Visto por última vez Precio de reemplazo Tipo de ítem Koha
        Biblioteca del Ateneo de Madrid Biblioteca del Ateneo de Madrid Depósito 2 17/01/2008     L-7807 1061293 23/02/2023 23/02/2023 Libro impreso